Statistiques concernant Harry Potter: le Sortilège de Lévitation

Cliquez ici pour prendre le quiz!

Statistiques générales

  • Ce quiz a été pris 66 fois
    (43 depuis la dernière actualisation)
  • Le résultat moyen est 7 sur 9

Statistiques - réponses

InformationRéponses% Correct
FormuleWingardium Leviosa
97%
Première apparitionHarry Potter à l'école des sorciers
94%
Année dans laquelle on l'étudie1ere année
91%
Dernière apparitionHarry Potter et les Reliques de la Mort
91%
Et pas...Leviosaaa
73%
Et puis d'abord, tu ne sais même pas le prononcer c'est....Leviooosa
64%
GestuelleOn tourne et on abaisse
61%
Personne l'ayant subitHarry Potter
52%
Type de sortEnchantement
39%

Distribution des résultats

Percentile par nombre de réponses

% des personnes avec chaque résultat

Votre développement - résultats

Vous n’avez pas pris ce quiz depuis la dernière actualisation